Creation (Record no. 177)

MARC details
000 -LEADER
fixed length control field 00378nam a22001457a 4500
003 - CONTROL NUMBER IDENTIFIER
control field OSt
005 - DATE AND TIME OF LATEST TRANSACTION
control field 20160727222345.0
008 - FIXED-LENGTH DATA ELEMENTS--GENERAL INFORMATION
fixed length control field 160621b xxu||||| |||| 00| 0 eng d
040 ## - CATALOGING SOURCE
Transcribing agency Test
100 ## - MAIN ENTRY--PERSONAL NAME
9 (RLIN) 219
Personal name Taylor, K. N
245 ## - TITLE STATEMENT
Title Creation
Remainder of title And the High School Student
260 ## - PUBLICATION, DISTRIBUTION, ETC. (IMPRINT)
Place of publication, distribution, etc. N.Y
Name of publisher, distributor, etc. Tyndale House
Date of publication, distribution, etc. 1969
300 ## - PHYSICAL DESCRIPTION
Extent Creation: And the High School Student
942 ## - ADDED ENTRY ELEMENTS (KOHA)
Source of classification or shelving scheme Dewey Decimal Classification
Koha item type BOOK
Holdings
Withdrawn status Lost status Source of classification or shelving scheme Damaged status Not for loan Home library Current library Shelving location Date acquired Total Checkouts Full call number Barcode Date last seen Price effective from Koha item type
    Dewey Decimal Classification     Good Samaritan School Library Good Samaritan School Library   06/21/2016   215 TAY133 06/21/2016 06/21/2016 BOOK

Powered by Koha